=LDR 00000nam 2200000 4500 =001 INLIS000000000037129 =005 20130612142856 =008 ***********************************Ind** =035 ##$$0010-061300000037129 =041 ##$$a Ind =082 ##$$a 658.81 =090 ##$$a 658.81, Kot c =100 ##$$a Kotler, Phillip =245 ##$$a Chaotics, resep jitu bertahan di abad prakara dari pakar pemasaran dunia, Phillip Kotler dan John A Caslione =260 ##$$a 2011 $b Jakarta =300 ##$$a xxiii, 204 hlm, ilus, 23 cm =650 ##$$a Pemasaran, manejemen =700 ##$$a Caslione, John A =850 ##$$a NBPNMAT =990 ##$$a 0001/BPAP-NTB/2016 =990 ##$$a 3159231592